000 00602nam a22001937a 4500
005 20250421105836.0
010 _aENG-144664
020 _c499.00
_a9789357313185
035 _aEN-128196
037 _bDBAD
082 _a5
100 _aRAFIQ,K SHAHINA
_980695
245 _aTHE MENSTRUAL COUPE:
_bStories/
_cBy SHAHINA K. RAFIQ
250 _a1
260 _aGURUGRAM
_bHachette Book Publishing India Pvt.Ltd
_c2024
270 _bGurugram
_a4th & 5th Floors, Corporate Centre, Plot No. 94, Sector 44, Gurugram
_e122003
300 _axv,179p,
_c20cm(pb)
942 _2ddc
_cEN
_h5
_mRAF
999 _c211019
_d211019